000 00638nam a2200229 a 4500
005 20140310183519.0
008 110803s19uu xx 00 eng d
020 _a9780071288774
050 _aHD 2346
_b.D278 2010
100 _aDeakins, David
245 _aEntreprenuership and small firms. /
_bDavid Deakins and Mark freel
260 _aNew York :
_bMcGraw-Hill,
_c2010.
300 _a332 p. :
_bill. ;
_c24 cm.
500 _aIncludes index.
521 _aBSBA
650 _aEntreprenuership
650 _aSmall business management.
700 _aFreel, Mark
942 _cBK
_2lcc
_kFOR
999 _c24363
_d24363